| 000 | 00684nam a22002057a 4500 | ||
|---|---|---|---|
| 999 |
_c19450 _d19450 |
||
| 003 | AR-CdUCM | ||
| 008 | 190326b ||||| |||| 00| 0 spa d | ||
| 040 |
_aMUNICIPALIDAD PROVINCIAL DEL CUSCO _cBIBLIOTECA MUNICIPAL DEL CUSCO |
||
| 082 |
_a985 / _bG54 |
||
| 100 |
_aGiurato, Toto _924529 |
||
| 245 |
_aPerú Milenario : _bEmancipación republicana / |
||
| 260 |
_aLima : _becos, _c1947. |
||
| 300 |
_a3 tomos _c25 cm. |
||
| 505 | _aContenido : Las etapas de rescate -- La revolución y la guerra emancipadora -- El gran general San Martín... | ||
| 650 |
_aRevolución _9844 |
||
| 650 |
_aVirreinato _96280 |
||
| 650 |
_aEmancipacion _9260 |
||
| 942 |
_2ddc _cLIBROS |
||
| 945 | _arcc | ||